| 000 | 00587nam a2200241Ia 4500 | ||
|---|---|---|---|
| 003 | 0100 | ||
| 008 | 130303s9999 xx 000 0 und d | ||
| 020 | _a0415220734 | ||
| 040 | _cARRUPELIB | ||
| 050 | _aB72.S5613 2000 | ||
| 100 | _aSkirbekk, Gunnar | ||
| 245 | 2 | _aA history of Western thought | |
| 245 | _bfrom ancient Greece to the twentieth century | ||
| 260 | _aLondon | ||
| 260 | _bRoutledge | ||
| 260 | _C2001. | ||
| 300 | _axv | ||
| 300 | _b 487 p. : ill. 25 cm. | ||
| 650 | _aPHILOSOPHY | ||
| 650 | _bZambia - History | ||
| 700 | _aGilje, Nils | ||
| 942 | 0 | 0 | _08 |
| 999 |
_c13747 _d13747 |
||